Intelligent leadership resilience (Record no. 367421)
[ view plain ]
| 000 -LEADER | |
|---|---|
| fixed length control field | 00653nam a22001937a 4500 |
| 003 - CONTROL NUMBER IDENTIFIER | |
| control field | 0 |
| 005 - DATE AND TIME OF LATEST TRANSACTION | |
| control field | 20250426150050.0 |
| 008 - FIXED-LENGTH DATA ELEMENTS--GENERAL INFORMATION | |
| fixed length control field | 250426b xxu||||| |||| 00| 0 eng d |
| 020 ## - INTERNATIONAL STANDARD BOOK NUMBER | |
| International Standard Book Number | 978-971-9655-79-4 |
| 050 ## - LIBRARY OF CONGRESS CALL NUMBER | |
| Classification number | HF 57.7 |
| Item number | .P47 2024 |
| 100 ## - MAIN ENTRY--PERSONAL NAME | |
| Personal name | Perida, Arcadio Jeffrey S. |
| 245 ## - TITLE STATEMENT | |
| Title | Intelligent leadership resilience |
| Statement of responsibility, etc | Arcadio Jeffrey S. Perida |
| 260 ## - PUBLICATION, DISTRIBUTION, ETC. (IMPRINT) | |
| Place of publication, distribution, etc | Intramuros, Manila |
| Name of publisher, distributor, etc | Mindshapers Co. Inc. |
| Date of publication, distribution, etc | 2024 |
| 300 ## - PHYSICAL DESCRIPTION | |
| Extent | x, 184 pages; |
| Dimensions | 23cm. |
| 504 ## - BIBLIOGRAPHY, ETC. NOTE | |
| Bibliography, etc | Includes bibliographical references. |
| 650 ## - SUBJECT ADDED ENTRY--TOPICAL TERM | |
| Topical term or geographic name as entry element | Leadership -- Emotional intelligence. |
| 650 ## - SUBJECT ADDED ENTRY--TOPICAL TERM | |
| Topical term or geographic name as entry element | Resilience (Personality trait) -- Organizational behavior. |
| 942 ## - ADDED ENTRY ELEMENTS (KOHA) | |
| Source of classification or shelving scheme | Library of Congress Classification |
| Koha item type | Books |
| Withdrawn status | Lost status | Source of classification or shelving scheme | Damaged status | Home library | Current library | Shelving location | Date acquired | Source of acquisition | Total Checkouts | Full call number | Barcode | Date last seen | Price effective from | Koha item type |
|---|---|---|---|---|---|---|---|---|---|---|---|---|---|---|
| Library of Congress Classification | College Library | College Library | Filipiniana Section | 04/26/2025 | Library Fund | HF 57.7 .P47 2024 | C24437 | 04/26/2025 | 04/26/2025 | Books | ||||
| Library of Congress Classification | College Library | College Library | Filipiniana Section | 04/26/2025 | Library Fund | HF 57.7 .P47 2024 | C24436 | 04/26/2025 | 04/26/2025 | Books | ||||
| Library of Congress Classification | College Library | College Library | Filipiniana Section | 04/26/2025 | Library Fund | HF 57.7 .P47 2024 | C24435 | 04/26/2025 | 04/26/2025 | Books |